000
00315nam a22001337a 4500
008
170704b xxu||||| |||| 00| 0 eng d
020
_a
394733665
041
_a
eng
080
_a
82
100
_a
22
101
_a
GJL
245
_a
THE BORZOI ANTHOLOGY OF LATIN AMERICAN LITERATURE
_c
MONEGAL,E.R
942
_2
udc
_c
BK
999
_c
19927
_d
19927